Turbulence (Record no. 5373)

000 -LEADER
fixed length control field 00511nam a2200205 i 4500
001 - CONTROL NUMBER
control field 5373
003 - CONTROL NUMBER IDENTIFIER
control field BD-DhUET
008 - FIXED-LENGTH DATA ELEMENTS--GENERAL INFORMATION
fixed length control field 750220s1975 nyua b 001 0 eng
020 ## - INTERNATIONAL STANDARD BOOK NUMBER
International Standard Book Number 0070290377
040 ## - CATALOGING SOURCE
Original cataloging agency DLC
Transcribing agency DLC
Modifying agency BD-DhUET
082 00 - DEWEY DECIMAL CLASSIFICATION NUMBER
Classification number 532.56
Item number HIN/1975
100 1# - MAIN ENTRY--PERSONAL NAME
Personal name Hinze, J. O.
245 00 - TITLE STATEMENT
Title Turbulence
250 ## - EDITION STATEMENT
Edition statement 2nd ed.
260 ## - PUBLICATION, DISTRIBUTION, ETC. (IMPRINT)
Place of publication, distribution, etc. New York
Name of publisher, distributor, etc. McGraw-Hill
Date of publication, distribution, etc. 1975
300 ## - PHYSICAL DESCRIPTION
Extent x,790p.
Other physical details ill.
Dimensions 24 cm.
490 0# - SERIES STATEMENT
Series statement McGraw-Hill series in mechanical engineering
650 #0 - SUBJECT ADDED ENTRY--TOPICAL TERM
Topical term or geographic name as entry element Turbulence
942 ## - ADDED ENTRY ELEMENTS (KOHA)
Koha item type General Book
Holdings
Piece designation (barcode) Withdrawn status Not for loan Sublocation or collection (holding branch) Koha date last borrowed Koha item type Location (home branch) Koha normalized classification for sorting Damaged status Koha issues (times borrowed) Price effective from Shelving location Copy number Koha full call number Lost status Source of classification or shelving scheme Date acquired Koha date last seen
63813  Central Library, BUET General BookCentral Library, BUET532_560000000000000_HIN_1975  2014-11-26Circulation section1532.56/HIN/1975  2014-11-262014-11-26
63816  Central Library, BUET General BookCentral Library, BUET532_560000000000000_HIN_1975  2014-11-26Circulation section2532.56/HIN/1975  2014-11-262014-11-26
44334  Central Library, BUET General BookCentral Library, BUET532_560000000000000_HIN_1975  2014-12-07Circulation section3532.56/HIN/1975  2014-12-072014-12-07
63807  Central Library, BUET General BookCentral Library, BUET532_560000000000000_HIN_1975  2014-12-07Circulation section4532.56/HIN/1975  2014-12-072014-12-07
63812  Central Library, BUET2015-03-25General BookCentral Library, BUET532_560000000000000_HIN_1975 12014-12-07Circulation section5532.56/HIN/1975  2014-12-072015-03-29
63805  Central Library, BUET General BookCentral Library, BUET532_560000000000000_HIN_1975  2014-12-07Circulation section6532.56/HIN/1975  2014-12-072014-12-07
63810  Central Library, BUET General BookCentral Library, BUET532_560000000000000_HIN_1975  2014-12-07Circulation section7532.56/HIN/1975  2014-12-072014-12-07
63808  Central Library, BUET General BookCentral Library, BUET532_560000000000000_HIN_1975  2014-12-07Circulation section8532.56/HIN/1975  2014-12-072014-12-07
63809  Central Library, BUET General BookCentral Library, BUET532_560000000000000_HIN_1975  2014-12-07Circulation section9532.56/HIN/1975  2014-12-072014-12-07
63806  Central Library, BUET2022-11-14General BookCentral Library, BUET532_560000000000000_HIN_1975 12014-12-07Circulation section10532.56/HIN/1975  2014-12-072023-02-28
63815  Central Library, BUET2015-05-26General BookCentral Library, BUET532_560000000000000_HIN_1975 12014-12-07Circulation section11532.56/HIN/1975  2014-12-072015-09-14
39158  Central Library, BUET General BookCentral Library, BUET532_560000000000000_HIN_1975  2015-03-09Circulation section12532.56/HIN/1975  2015-03-092015-03-09
58968  Central Library, BUET Reading ItemCentral Library, BUET532_560000000000000_HIN_1975  2015-06-07Reading section13532.56/HIN/1975  2015-06-072015-06-07
60653  Central Library, BUET Reading ItemCentral Library, BUET532_560000000000000_HIN_1975  2015-06-07Reading section14532.56/HIN/1975  2015-06-072015-06-07
52729  Central Library, BUET Reading ItemCentral Library, BUET532_560000000000000_HIN_1975  2015-06-23Reading section15532.56/HIN/1975  2015-06-232015-06-23
63811  Central Library, BUET2024-11-27General BookCentral Library, BUET532_560000000000000_HIN_1975 12024-11-16Circulation section16532.56 HIN/1975  1985-06-292024-11-27
   Central Library, BUET General BookCentral Library, BUET532_560000000000000_HIN_1975  2024-11-16  532.56 HIN/1975  2024-11-162024-11-16
39159  Central Library, BUET General BookCentral Library, BUET532_560000000000000_HIN_1975  2024-11-16Circulation section18532.56 HIN/1975  2025-09-032024-11-16